00770nam a22002297a 4500003000500000005001700005008004100022010001000063011001000073035001100083040000900094100001900103245008300122260009900205300001000304490003500314650004300349650002900392650004400421650004000465830003500505CHAP20220329143403.0010926d1944 mx r 00010 spa d a95847 a96819 a107476 cCHAP1 aMoore, Ross E.10aAgriculture in the program of Inter - American cooperationc/por Ross E. Moore aMéxico :bComité Permanente de la Segunda Conferencia Interamericana de Agricultura,c1944 a10 p. 0aPublicaciones. Secciónv; 4A04aAgriculturaxOficinas gubernamentales.04aAgriculturaxSociedades.04aCooperación agrícola internacional.04aEducación agrícolaxSociedades.0 aPublicaciones. Secciónv; 4A